| 000 | 00858nam a2200265Ia 4500 | ||
|---|---|---|---|
| 003 | OSt | ||
| 005 | 20220923224630.0 | ||
| 006 | a|||||r|||| 00| 0 | ||
| 007 | ta | ||
| 008 | 220922b |||||||| |||| 00| 0 san d | ||
| 024 | _a248,411 | ||
| 037 | _cTextual | ||
| 040 |
_aARTS _cARTS _bsan |
||
| 041 |
_2san _asan |
||
| 082 | _aO15,3N0,1, 152L4 | ||
| 100 | _aव्यास, अम्बिका प्रसाद | ||
| 245 | 0 | _aशिवराज विजय | |
| 246 | _aShivarāj vijaya | ||
| 250 | _a2संस्करण | ||
| 260 |
_aकाशी _b व्यास पुस्ककालय _c1974 |
||
| 300 |
_a272पृ0 _ccm. |
||
| 650 | _aसंस्कृत साहित्य | ||
| 942 |
_hO15,3N0,1, 152L4 _cTEXL _2CC |
||
| 999 |
_c372645 _d372645 |
||